000 00730cam a22002653a 4500
001 17957
003 PGUSA
005 20140828083401.0
008 060310s2006||||xxu|||||s|||||000 | eng d
040 _aPGUSA
_beng
042 _adc
050 4 _aPA
100 1 _aLonginus,
_d1st cent.
245 1 0 _aOn the Sublime
_h[electronic resource] /
_cLonginus
260 _bProject Gutenberg,
_c2006
506 _aPublic domain in the USA.
516 _aElectronic text
653 _aSublime, The
653 _aRhetoric, Ancient
700 1 _aHavell, H. L.
_q(Herbert Lord),
_d-1913
700 1 _aLang, Andrew,
_d1844-1912
830 0 _aProject Gutenberg
_v17957
856 4 0 _uhttp://www.gutenberg.org/ebooks/17957
942 _cEB
999 _c247212
_d247212